LDR 00574naa#a2200181#i#450# 001 EN\INFRA-M\bibl\12599 005 20260603182828.3 011 ## _a2587-6279 100 ## _a20160919b2016####ek#y0engy0150####ca 101 0# _aRUS 102 ## _aRU 200 1# _aAchieving Success Key Factors of Complex Product Systems Projects at Different Life Cycle Stages _eJournal article 210 1# _aMoscow _cINFRA-M Academic Publishing LLC. _d2016 215 ## _a15 с. 608 ## _aJournal article _2local 700 #1 _aArtemev _gDmitry Gennad'evich 700 #1 _aGrebenshchikova _gElena 856 4# _anaukaru.ru _u